Fallout Universe Geography - Statistics

General Stats
  • This quiz has been taken 74 times
  • The average score is 10 of 20
Answer Stats
Hint City % Correct
US state the NCR is located in California
97%
Country annexed by the US in 2072 Canada
82%
US state the above is located in Arizona
75%
Desert surrounding New Vegas Mojave Desert
75%
City in Alaska, site of a DLC Anchorage
73%
US state 'The Pitt' is located in Pennsylvania
72%
Settlement in the Capital Wasteland built around an unexploded nuclear bomb Megaton
70%
Which appears in this game Fallout: New Vegas
67%
Which lies on this river Colorado River
65%
Natural wonder Joshua Graham was thrown into Grand Canyon
63%
Lake formed by Hoover Dam Lake Mead
53%
Capital of Caesar's legion Flagstaff
47%
Pre-war city Vault 4 is located under Los Angeles
43%
Character at the heart of the Capital Wasteland's Oasis Harold
40%
First president of the NCR Aradesh
23%
Pre-war city in the Divide Hopeville
23%
Type of disaster happening in Northern California in 2241 Drought
17%
Large island settlement in the Commonwealth Spectacle Island
17%
Town in Northern California built around a nuclear power plant Gecko
12%
Region of Appalachia created after the explosion of a G.E.C.K. The Mire
10%
No matching quizzes found
Score Distribution
Percent of People with Each Score
Percentile by Number Answered
Your Score History
You have not taken this quiz